Islam : faith and history
| Main Author: | |
|---|---|
| Format: | Book |
| Published: |
Oxford :
Oneworld Publications ,
2004
|
| Subjects: |
MARC
| LEADER | 00000cam a2200000 7i4500 | ||
|---|---|---|---|
| 001 | 0000003477 | ||
| 005 | 20060403.0 | ||
| 020 | 0 | 0 | |a 185168350X |
| 090 | 0 | 0 | |a 297.09 |b AYO |
| 100 | 1 | 0 | |a Ayoub, Mahmoud M. |
| 245 | 1 | 0 | |a Islam : |b faith and history |c Mahmooud M. Ayoub |
| 260 | 0 | 0 | |a Oxford : |b Oneworld Publications , |c 2004 |
| 300 | |a xiii, 242p. : |b ill., map ; |c 22cm. | ||
| 650 | 0 | 0 | |a Islam |
| 650 | 0 | 0 | |a Islam |x History |
| 999 | |a 0000006556 |b Monograph |c Open Shelf |e Default branch | ||